000 00325nam a22001457a 4500
008 210304b ||||| |||| 00| 0 eng d
020 _a978020516726515
041 _aeng
080 _215th
_a159.9
082 _a159.9
100 _a48
101 _aPSI
245 _aAbnormal Psychology
_cButcher, J. N
942 _2udc
_cBK
999 _c55712
_d55712